| LDR | 00000nam c2200205 c 4500 | |
|---|---|---|
| 001 | 000000337541 | |
| 005 | 20250418130445 | |
| 007 | ta | |
| 008 | 250331s2023 ggkad r 000a kor | |
| 020 | ▼a 9788959385171 ▼g 93510 : ▼c \68000 | |
| 040 | ▼a 248032 ▼c 248032 ▼d 248032 | |
| 049 | 0 | ▼l EM110676 |
| 056 | ▼a 512.15 ▼2 4 | |
| 090 | ▼a 512.15 ▼b 아872ㅂ2 | |
| 245 | 20 | ▼a (판도라) 방사선사 국가시험 실기예상문제집 / ▼d 아카데미아보건의료시험원 편 |
| 250 | ▼a 제2판, 제1개정판 | |
| 260 | ▼a 안양 : ▼b 아카데미아, ▼c 2023 | |
| 300 | ▼a 491 p. : ▼b 천연색삽화, 도표 ; ▼c 27 cm | |
| 653 | ▼a 방사선사 ▼a 방사선사 국가고시 ▼a 방사선사 국가고시 실기 ▼a 방사선사 실기 | |
| 710 | ▼a 아카데미아보건의료시험원, ▼e 저 | |
| 950 | 0 | ▼b \68000 |
| 990 | ▼a 관리자2 ▼b 관리자2 |